| 000 | 00345nam a22001457a 4500 | ||
|---|---|---|---|
| 999 |
_c11187 _d11187 |
||
| 003 | OSt | ||
| 008 | 220509b ||||| |||| 00| 0 eng d | ||
| 082 | _a650.1 JNG | ||
| 100 | _aJUNNEJA,M.M. | ||
| 245 | _aG D Birla Life & Legacy | ||
| 260 |
_aHissar _bModern Publications _c2000 |
||
| 300 | _a328 | ||
| 650 | _aGernal Books | ||
| 942 |
_2ddc _cBK _01 |
||